000
00291nam a22001097a 4500
003
OSt
005
20260223102800.0
008
260223b |||||||| |||| 00| 0 eng d
040
_c
Zawadi Publishers
245
_a
Counties of Hope, Havens of Rot
_b
Anatomy of Kenya Devolved Dream
942
_2
ddc
_c
BK
999
_c
4168
_d
4168